<?xml version="1.0" encoding="UTF-8"?>
<record
    xmlns:xsi="http://www.w3.org/2001/XMLSchema-instance"
    xsi:schemaLocation="http://www.loc.gov/MARC21/slim http://www.loc.gov/standards/marcxml/schema/MARC21slim.xsd"
    xmlns="http://www.loc.gov/MARC21/slim">

  <leader>01995 am a2200505 a 4500</leader>
  <controlfield tag="005">20240508102314.0</controlfield>
  <controlfield tag="008">100429s2011||||ag a   f |||| 001 0 spa d</controlfield>
  <datafield tag="020" ind1=" " ind2=" ">
    <subfield code="a">9786077743187</subfield>
  </datafield>
  <datafield tag="041" ind1=" " ind2=" ">
    <subfield code="a">spa</subfield>
  </datafield>
  <datafield tag="092" ind1=" " ind2=" ">
    <subfield code="c">574.8</subfield>
    <subfield code="l">39</subfield>
    <subfield code="s">INT</subfield>
  </datafield>
  <datafield tag="245" ind1=" " ind2=" ">
    <subfield code="a">Introducci&#xF3;n a la biolog&#xED;a celular /  </subfield>
    <subfield code="c">Bruce Alberts</subfield>
  </datafield>
  <datafield tag="250" ind1=" " ind2=" ">
    <subfield code="a">3a ed.</subfield>
    <subfield code="b">Traducci&#xF3;n Gabriela L&#xF3;pez ; Andrea M&#xE9;ndez ; Adriana Morando ; Jorge Negrete y Silvia Rondinone </subfield>
  </datafield>
  <datafield tag="260" ind1=" " ind2=" ">
    <subfield code="a">M&#xE9;xico:</subfield>
    <subfield code="b">Editorial M&#xE9;dica Panamericana;</subfield>
    <subfield code="c">2011.</subfield>
  </datafield>
  <datafield tag="300" ind1=" " ind2=" ">
    <subfield code="a">732 p.</subfield>
  </datafield>
  <datafield tag="500" ind1=" " ind2=" ">
    <subfield code="a">Alberts, B. et al. (2011). Introducci&#xF3;n a la biolog&#xED;a celular. (3a ed.). M&#xE9;xico : Editorial M&#xE9;dica Panamericana.</subfield>
  </datafield>
  <datafield tag="590" ind1=" " ind2=" ">
    <subfield code="a">Ej.2 inv.2289 Donaci&#xF3;n editorial Mayo 2011. Compra 2011</subfield>
  </datafield>
  <datafield tag="653" ind1=" " ind2=" ">
    <subfield code="a">Componentes qu&#xED;micos de las c&#xE9;lulas</subfield>
  </datafield>
  <datafield tag="653" ind1=" " ind2=" ">
    <subfield code="a">Energ&#xED;a, cat&#xE1;lisis y bios&#xED;ntesis</subfield>
  </datafield>
  <datafield tag="653" ind1=" " ind2=" ">
    <subfield code="a">Estructura y funci&#xF3;n de las proteinas</subfield>
  </datafield>
  <datafield tag="653" ind1=" " ind2=" ">
    <subfield code="a">DNA y cromosomas</subfield>
  </datafield>
  <datafield tag="653" ind1=" " ind2=" ">
    <subfield code="a">Replicaci&#xF3;n, reparaci&#xF3;n y recombinaci&#xF3;n del DNA</subfield>
  </datafield>
  <datafield tag="653" ind1=" " ind2=" ">
    <subfield code="a">Del DNA a la prote&#xED;na: c&#xF3;mo leen el genoma las c&#xE9;lulas</subfield>
  </datafield>
  <datafield tag="653" ind1=" " ind2=" ">
    <subfield code="a">Control de la expresi&#xF3;n g&#xE9;nica</subfield>
  </datafield>
  <datafield tag="653" ind1=" " ind2=" ">
    <subfield code="a">C&#xF3;mo evolucionan los genes y los genomas</subfield>
  </datafield>
  <datafield tag="653" ind1=" " ind2=" ">
    <subfield code="a">An&#xE1;lisis de genes y genomas</subfield>
  </datafield>
  <datafield tag="653" ind1=" " ind2=" ">
    <subfield code="a">Estructura de la membrana</subfield>
  </datafield>
  <datafield tag="653" ind1=" " ind2=" ">
    <subfield code="a">Transporte de membrana</subfield>
  </datafield>
  <datafield tag="653" ind1=" " ind2=" ">
    <subfield code="a">C&#xF3;mo las c&#xE9;lulas obtienen energ&#xED;a de los alimentos</subfield>
  </datafield>
  <datafield tag="653" ind1=" " ind2=" ">
    <subfield code="a">Generaci&#xF3;n de energ&#xED;a en mitocondrias y cloroplastos</subfield>
  </datafield>
  <datafield tag="653" ind1=" " ind2=" ">
    <subfield code="a">Compartimientos y transporte intracelulares</subfield>
  </datafield>
  <datafield tag="653" ind1=" " ind2=" ">
    <subfield code="a">Comunicaci&#xF3;n celular</subfield>
  </datafield>
  <datafield tag="653" ind1=" " ind2=" ">
    <subfield code="a">Citoesqueleto</subfield>
  </datafield>
  <datafield tag="653" ind1=" " ind2=" ">
    <subfield code="a">Ciclo de divisi&#xF3;n celular</subfield>
  </datafield>
  <datafield tag="653" ind1=" " ind2=" ">
    <subfield code="a">Sexo y gen&#xE9;tica</subfield>
  </datafield>
  <datafield tag="653" ind1=" " ind2=" ">
    <subfield code="a">Comunidades celulares: tejidos, c&#xE9;lulas madre y c&#xE1;ncer</subfield>
  </datafield>
  <datafield tag="700" ind1="1" ind2=" ">
    <subfield code="a">Alberts, Bruce</subfield>
    <subfield code="9">8</subfield>
  </datafield>
  <datafield tag="700" ind1="1" ind2=" ">
    <subfield code="a">Bray, Dennis.</subfield>
    <subfield code="9">9</subfield>
  </datafield>
  <datafield tag="700" ind1="1" ind2=" ">
    <subfield code="a">Hopkin, Karen.</subfield>
    <subfield code="9">10</subfield>
  </datafield>
  <datafield tag="700" ind1="1" ind2=" ">
    <subfield code="a">Johnson, Alexander.</subfield>
    <subfield code="9">11</subfield>
  </datafield>
  <datafield tag="700" ind1="1" ind2=" ">
    <subfield code="a">Lewis, Julian.</subfield>
    <subfield code="9">12</subfield>
  </datafield>
  <datafield tag="700" ind1="1" ind2=" ">
    <subfield code="a">Raff, Martin.</subfield>
    <subfield code="9">13</subfield>
  </datafield>
  <datafield tag="700" ind1="1" ind2=" ">
    <subfield code="a">Roberts, Keith.</subfield>
    <subfield code="9">14</subfield>
  </datafield>
  <datafield tag="700" ind1="1" ind2=" ">
    <subfield code="a">Walter, Peter.</subfield>
    <subfield code="9">15</subfield>
  </datafield>
  <datafield tag="942" ind1=" " ind2=" ">
    <subfield code="2">ddc</subfield>
    <subfield code="c">BK</subfield>
  </datafield>
  <datafield tag="999" ind1=" " ind2=" ">
    <subfield code="c">834</subfield>
    <subfield code="d">834</subfield>
  </datafield>
  <datafield tag="952" ind1=" " ind2=" ">
    <subfield code="0">0</subfield>
    <subfield code="1">0</subfield>
    <subfield code="2">ddc</subfield>
    <subfield code="4">0</subfield>
    <subfield code="7">0</subfield>
    <subfield code="8">REF</subfield>
    <subfield code="a">BFM</subfield>
    <subfield code="b">BFM</subfield>
    <subfield code="c">REF</subfield>
    <subfield code="d">2011-06-24</subfield>
    <subfield code="l">71</subfield>
    <subfield code="m">1</subfield>
    <subfield code="o">574.8 39 INT</subfield>
    <subfield code="p">2289</subfield>
    <subfield code="r">2020-03-16</subfield>
    <subfield code="s">2020-03-13</subfield>
    <subfield code="t">ej. 2</subfield>
    <subfield code="w">2011-06-24</subfield>
    <subfield code="y">REF</subfield>
    <subfield code="z">LIBRO DE CONSULTA</subfield>
  </datafield>
  <datafield tag="952" ind1=" " ind2=" ">
    <subfield code="0">0</subfield>
    <subfield code="1">0</subfield>
    <subfield code="2">ddc</subfield>
    <subfield code="4">0</subfield>
    <subfield code="7">0</subfield>
    <subfield code="a">BFM</subfield>
    <subfield code="b">BFM</subfield>
    <subfield code="c">CR</subfield>
    <subfield code="d">2011-06-24</subfield>
    <subfield code="l">192</subfield>
    <subfield code="m">10</subfield>
    <subfield code="o">574.8 39 INT</subfield>
    <subfield code="p">2353</subfield>
    <subfield code="r">2023-04-10</subfield>
    <subfield code="s">2023-03-29</subfield>
    <subfield code="t">ej. 3</subfield>
    <subfield code="w">2011-06-24</subfield>
    <subfield code="y">BK</subfield>
  </datafield>
  <datafield tag="952" ind1=" " ind2=" ">
    <subfield code="0">0</subfield>
    <subfield code="1">0</subfield>
    <subfield code="2">ddc</subfield>
    <subfield code="4">0</subfield>
    <subfield code="7">0</subfield>
    <subfield code="a">BFM</subfield>
    <subfield code="b">BFM</subfield>
    <subfield code="c">CR</subfield>
    <subfield code="d">2011-06-24</subfield>
    <subfield code="l">182</subfield>
    <subfield code="m">9</subfield>
    <subfield code="o">574.8 39 INT</subfield>
    <subfield code="p">2354</subfield>
    <subfield code="r">2020-03-16</subfield>
    <subfield code="s">2020-03-13</subfield>
    <subfield code="t">ej. 4</subfield>
    <subfield code="w">2011-06-24</subfield>
    <subfield code="y">BK</subfield>
  </datafield>
  <datafield tag="952" ind1=" " ind2=" ">
    <subfield code="0">0</subfield>
    <subfield code="1">0</subfield>
    <subfield code="2">ddc</subfield>
    <subfield code="4">0</subfield>
    <subfield code="7">0</subfield>
    <subfield code="a">BFM</subfield>
    <subfield code="b">BFM</subfield>
    <subfield code="c">CR</subfield>
    <subfield code="d">2011-06-24</subfield>
    <subfield code="l">206</subfield>
    <subfield code="m">5</subfield>
    <subfield code="o">574.8 39 INT</subfield>
    <subfield code="p">2355</subfield>
    <subfield code="r">2023-04-10</subfield>
    <subfield code="s">2023-03-31</subfield>
    <subfield code="t">ej. 5</subfield>
    <subfield code="w">2011-06-24</subfield>
    <subfield code="y">BK</subfield>
  </datafield>
  <datafield tag="952" ind1=" " ind2=" ">
    <subfield code="0">0</subfield>
    <subfield code="1">0</subfield>
    <subfield code="2">ddc</subfield>
    <subfield code="4">0</subfield>
    <subfield code="7">0</subfield>
    <subfield code="a">BFM</subfield>
    <subfield code="b">BFM</subfield>
    <subfield code="c">CR</subfield>
    <subfield code="d">2011-06-24</subfield>
    <subfield code="l">200</subfield>
    <subfield code="m">8</subfield>
    <subfield code="o">574.8 39 INT</subfield>
    <subfield code="p">2356</subfield>
    <subfield code="r">2022-10-13</subfield>
    <subfield code="s">2022-10-04</subfield>
    <subfield code="t">ej. 6</subfield>
    <subfield code="w">2011-06-24</subfield>
    <subfield code="y">BK</subfield>
  </datafield>
  <datafield tag="952" ind1=" " ind2=" ">
    <subfield code="0">0</subfield>
    <subfield code="1">0</subfield>
    <subfield code="2">ddc</subfield>
    <subfield code="4">0</subfield>
    <subfield code="7">0</subfield>
    <subfield code="8">NFIC</subfield>
    <subfield code="a">BFM</subfield>
    <subfield code="b">BFM</subfield>
    <subfield code="c">CR</subfield>
    <subfield code="d">2013-03-07</subfield>
    <subfield code="g">0.00</subfield>
    <subfield code="l">165</subfield>
    <subfield code="m">11</subfield>
    <subfield code="o">574.8 39 INT</subfield>
    <subfield code="p">2742</subfield>
    <subfield code="r">2024-04-03</subfield>
    <subfield code="s">2024-04-03</subfield>
    <subfield code="t">Ej. 7</subfield>
    <subfield code="w">2013-03-07</subfield>
    <subfield code="y">BK</subfield>
    <subfield code="z">COMPRA PRESUPUESTO UNC, MARZO 2013</subfield>
  </datafield>
  <datafield tag="952" ind1=" " ind2=" ">
    <subfield code="0">0</subfield>
    <subfield code="1">0</subfield>
    <subfield code="2">ddc</subfield>
    <subfield code="4">0</subfield>
    <subfield code="7">0</subfield>
    <subfield code="8">NFIC</subfield>
    <subfield code="a">BFM</subfield>
    <subfield code="b">BFM</subfield>
    <subfield code="c">CR</subfield>
    <subfield code="d">2013-03-07</subfield>
    <subfield code="g">0.00</subfield>
    <subfield code="l">158</subfield>
    <subfield code="m">10</subfield>
    <subfield code="o">574.8 39 INT</subfield>
    <subfield code="p">2743</subfield>
    <subfield code="r">2023-04-17</subfield>
    <subfield code="s">2023-04-10</subfield>
    <subfield code="t">Ej. 8</subfield>
    <subfield code="w">2013-03-07</subfield>
    <subfield code="y">BK</subfield>
    <subfield code="z">COMPRA PRESUPUESTO UNC, MARZO 2013</subfield>
  </datafield>
  <datafield tag="952" ind1=" " ind2=" ">
    <subfield code="0">0</subfield>
    <subfield code="1">0</subfield>
    <subfield code="2">ddc</subfield>
    <subfield code="4">0</subfield>
    <subfield code="7">0</subfield>
    <subfield code="8">NFIC</subfield>
    <subfield code="a">BFM</subfield>
    <subfield code="b">BFM</subfield>
    <subfield code="c">CR</subfield>
    <subfield code="d">2013-03-11</subfield>
    <subfield code="e">Proyecto PROMED 2DO A&#xD1;O</subfield>
    <subfield code="g">545.00</subfield>
    <subfield code="l">155</subfield>
    <subfield code="m">14</subfield>
    <subfield code="o">574.8 39 INT</subfield>
    <subfield code="p">2759</subfield>
    <subfield code="r">2021-03-26</subfield>
    <subfield code="s">2020-03-16</subfield>
    <subfield code="t">Ej. 9</subfield>
    <subfield code="w">2013-03-11</subfield>
    <subfield code="y">BK</subfield>
  </datafield>
  <datafield tag="952" ind1=" " ind2=" ">
    <subfield code="0">0</subfield>
    <subfield code="1">0</subfield>
    <subfield code="2">ddc</subfield>
    <subfield code="4">0</subfield>
    <subfield code="7">0</subfield>
    <subfield code="8">NFIC</subfield>
    <subfield code="a">BFM</subfield>
    <subfield code="b">BFM</subfield>
    <subfield code="c">CR</subfield>
    <subfield code="d">2013-03-11</subfield>
    <subfield code="e">Proyecto PROMED 2DO A&#xD1;O</subfield>
    <subfield code="g">545.00</subfield>
    <subfield code="l">153</subfield>
    <subfield code="m">9</subfield>
    <subfield code="o">574.8 39 INT</subfield>
    <subfield code="p">2760</subfield>
    <subfield code="r">2021-04-12</subfield>
    <subfield code="s">2020-03-13</subfield>
    <subfield code="t">Ej.10</subfield>
    <subfield code="w">2013-03-11</subfield>
    <subfield code="y">BK</subfield>
  </datafield>
  <datafield tag="952" ind1=" " ind2=" ">
    <subfield code="0">0</subfield>
    <subfield code="1">0</subfield>
    <subfield code="2">ddc</subfield>
    <subfield code="4">0</subfield>
    <subfield code="7">0</subfield>
    <subfield code="8">NFIC</subfield>
    <subfield code="a">BFM</subfield>
    <subfield code="b">BFM</subfield>
    <subfield code="c">CR</subfield>
    <subfield code="d">2013-03-11</subfield>
    <subfield code="e">Proyecto PROMED 2DO A&#xD1;O</subfield>
    <subfield code="g">545.00</subfield>
    <subfield code="l">162</subfield>
    <subfield code="m">16</subfield>
    <subfield code="o">574.8 39 INT</subfield>
    <subfield code="p">2761</subfield>
    <subfield code="r">2021-04-09</subfield>
    <subfield code="s">2020-03-16</subfield>
    <subfield code="t">Ej.11</subfield>
    <subfield code="w">2013-03-11</subfield>
    <subfield code="y">BK</subfield>
  </datafield>
  <datafield tag="952" ind1=" " ind2=" ">
    <subfield code="0">0</subfield>
    <subfield code="1">0</subfield>
    <subfield code="2">ddc</subfield>
    <subfield code="4">0</subfield>
    <subfield code="7">0</subfield>
    <subfield code="a">BFM</subfield>
    <subfield code="b">BFM</subfield>
    <subfield code="c">CR</subfield>
    <subfield code="d">2014-05-29</subfield>
    <subfield code="e">PROMED</subfield>
    <subfield code="g">598.00</subfield>
    <subfield code="l">108</subfield>
    <subfield code="m">8</subfield>
    <subfield code="o">574.8 39 INT</subfield>
    <subfield code="p">3292</subfield>
    <subfield code="r">2024-09-24</subfield>
    <subfield code="s">2024-09-20</subfield>
    <subfield code="t">Ej. 12</subfield>
    <subfield code="w">2014-05-29</subfield>
    <subfield code="y">BK</subfield>
    <subfield code="z">PROYECTO PROMED 3ER A&#xD1;O 2014</subfield>
  </datafield>
  <datafield tag="952" ind1=" " ind2=" ">
    <subfield code="0">0</subfield>
    <subfield code="1">0</subfield>
    <subfield code="2">ddc</subfield>
    <subfield code="4">0</subfield>
    <subfield code="7">0</subfield>
    <subfield code="a">BFM</subfield>
    <subfield code="b">BFM</subfield>
    <subfield code="c">CR</subfield>
    <subfield code="d">2014-05-29</subfield>
    <subfield code="e">PROMED</subfield>
    <subfield code="g">598.00</subfield>
    <subfield code="l">122</subfield>
    <subfield code="m">11</subfield>
    <subfield code="o">574.8 39 INT</subfield>
    <subfield code="p">3293</subfield>
    <subfield code="r">2024-03-25</subfield>
    <subfield code="s">2024-03-20</subfield>
    <subfield code="t">Ej. 13</subfield>
    <subfield code="w">2014-05-29</subfield>
    <subfield code="y">BK</subfield>
    <subfield code="z">Devuelto manchado por Carola Villanueva el 11/5/2016. El ej. fue repuesto el 17/08/2018. PROYECTO PROMED 3ER A&#xD1;O 2014</subfield>
  </datafield>
  <datafield tag="952" ind1=" " ind2=" ">
    <subfield code="0">0</subfield>
    <subfield code="1">0</subfield>
    <subfield code="2">ddc</subfield>
    <subfield code="4">0</subfield>
    <subfield code="7">0</subfield>
    <subfield code="a">BFM</subfield>
    <subfield code="b">BFM</subfield>
    <subfield code="c">CR</subfield>
    <subfield code="d">2016-04-12</subfield>
    <subfield code="e">COMPRA PROMED 3er A&#xD1;O, ABRIL 2016</subfield>
    <subfield code="g">1316.00</subfield>
    <subfield code="l">74</subfield>
    <subfield code="m">9</subfield>
    <subfield code="o">574.8 39 INT</subfield>
    <subfield code="p">3655</subfield>
    <subfield code="r">2021-03-31</subfield>
    <subfield code="s">2020-03-16</subfield>
    <subfield code="t">Ej.14</subfield>
    <subfield code="w">2016-04-12</subfield>
    <subfield code="y">BK</subfield>
    <subfield code="z">COMPRA PROMED 3er A&#xD1;O, ABRIL 2016</subfield>
  </datafield>
  <datafield tag="952" ind1=" " ind2=" ">
    <subfield code="0">0</subfield>
    <subfield code="1">0</subfield>
    <subfield code="2">ddc</subfield>
    <subfield code="4">0</subfield>
    <subfield code="7">0</subfield>
    <subfield code="a">BFM</subfield>
    <subfield code="b">BFM</subfield>
    <subfield code="c">CR</subfield>
    <subfield code="d">2016-04-12</subfield>
    <subfield code="e">COMPRA PROMED 3er A&#xD1;O, ABRIL 2016</subfield>
    <subfield code="g">1316.00</subfield>
    <subfield code="l">78</subfield>
    <subfield code="m">6</subfield>
    <subfield code="o">574.8 39 INT</subfield>
    <subfield code="p">3656</subfield>
    <subfield code="r">2021-03-26</subfield>
    <subfield code="s">2020-03-16</subfield>
    <subfield code="t">Ej.15</subfield>
    <subfield code="w">2016-04-12</subfield>
    <subfield code="y">BK</subfield>
    <subfield code="z">COMPRA PROMED 3er A&#xD1;O, ABRIL 2016</subfield>
  </datafield>
  <datafield tag="952" ind1=" " ind2=" ">
    <subfield code="0">0</subfield>
    <subfield code="1">0</subfield>
    <subfield code="2">ddc</subfield>
    <subfield code="4">0</subfield>
    <subfield code="7">0</subfield>
    <subfield code="8">NFIC</subfield>
    <subfield code="a">BFM</subfield>
    <subfield code="b">BFM</subfield>
    <subfield code="c">CR</subfield>
    <subfield code="d">2018-06-21</subfield>
    <subfield code="e">Donacion</subfield>
    <subfield code="l">16</subfield>
    <subfield code="m">4</subfield>
    <subfield code="p">4324</subfield>
    <subfield code="r">2021-03-26</subfield>
    <subfield code="s">2020-03-16</subfield>
    <subfield code="t">Ej. 15</subfield>
    <subfield code="w">2018-06-21</subfield>
    <subfield code="y">BK</subfield>
    <subfield code="z">Donacion Dra. Nora Mur. Junio 2018</subfield>
  </datafield>
  <datafield tag="952" ind1=" " ind2=" ">
    <subfield code="0">0</subfield>
    <subfield code="1">0</subfield>
    <subfield code="2">ddc</subfield>
    <subfield code="4">0</subfield>
    <subfield code="7">0</subfield>
    <subfield code="a">BFM</subfield>
    <subfield code="b">BFM</subfield>
    <subfield code="c">CR</subfield>
    <subfield code="d">2023-09-22</subfield>
    <subfield code="e">Donaci&#xF3;n Fabricio Lima, Septiembre 2023</subfield>
    <subfield code="l">1</subfield>
    <subfield code="o">574.8 39 INT</subfield>
    <subfield code="p">4877</subfield>
    <subfield code="r">2024-03-19</subfield>
    <subfield code="s">2024-03-19</subfield>
    <subfield code="t">Ej. 20</subfield>
    <subfield code="w">0000-00-00</subfield>
    <subfield code="y">BK</subfield>
    <subfield code="z">Donaci&#xF3;n Fabricio Lima, Septiembre 2023</subfield>
    <subfield code="f"></subfield>
  </datafield>
</record>
